000 00313nam a2200145Ia 4500
003 OSt
005 20240207165627.0
008 170524s9999 xx 000 0 und d
020 _a0071067825
040 _ciimt
100 _aHarrel-T. W.
245 0 _aIndustrial Psychology
260 _bOxford
942 _2ddc
_c02
999 _c6186
_d6186